000 01214nac a22003371i 4500
003 EG-ScBUE
005 20250611091811.0
008 250326t1987 gw a frb 000 0 eng d
020 _a0387175725 (U.S. : pbk.)
020 _a3540175725
040 _aEG-ScBUE
_beng
_erda
_cEG-ScBUE
_dEG-ScBUE
082 0 4 _a511.4
_bHRO
_222
100 1 _aHromadka, Theodore V.,
_eauthor.
245 1 4 _aThe best approximation method :
_ban introduction /
_cT. V. Hromadka II, Ch.-Ch. Yen, G. F. Pinder.
264 1 _aBerlin :
_bSpringer-Verlag,
_c[1987]
264 4 _cc1987
300 _axii, 168 pages :
_billustrations ;
_c26 cm.
336 _2rdacontent
_atext
_btxt
337 _aunmediated
_2rdamedia
_bn
338 _avolume
_bnc
_2rdacarrier
490 0 _aLecture notes in engineering ;
_v27
500 _aIncludes appendix.
504 _aIncludes bibliographical references.
650 7 _aEngineering mathematics
_xData processing.
_2BUEsh
650 7 _aApproximation theory
_xData processing.
_2BUEsh
650 7 _aFORTRAN (Computer program language).
_2BUEsh
655 _vReading book
700 1 _aYen, C. C.
_q(Chung-Cheng),
_d1954-
_eauthor.
700 1 _aPinder, George Francis,
_d1942-
_eauthor.
942 _cBB
_2ddc
999 _c9528
_d9528